| 000 | 01214nam a22003377a 4500 | ||
|---|---|---|---|
| 003 | CHAP | ||
| 005 | 20220329141818.0 | ||
| 008 | 971013s1986 r 00010 d | ||
| 010 | _a74226 | ||
| 011 | _a75198 | ||
| 035 | _a84758 | ||
| 040 | _cCHAP | ||
| 082 |
_a636.2 _bG3 |
||
| 100 | 0 | 0 |
_aGasque Gómez, Ramón. _947235 |
| 245 | _aZootecnia lechera concreta | ||
| 260 |
_aMéxico, D.F. : _bCECSA, _c1986 |
||
| 300 |
_a91 p. _b: ilus. |
||
| 590 |
_aBATCH-UPD _b10 _c20130110 _lUCH01 _h0223 |
||
| 590 |
_aBATCH-UPD _b10 _c20130110 _lUCH01 _h1913 |
||
| 590 |
_aBATCH-UPD _b10 _c20130409 _lUCH01 _h2244 |
||
| 590 |
_aBATCH-UPD _b10 _c20130914 _lUCH01 _h1517 |
||
| 590 |
_aCONVERSION _b10 _c20130109 _lUCH01 _h1341 |
||
| 650 | 1 | 4 |
_aGanado lechero. _945237 |
| 901 | _aBK | ||
| 942 | _cLIBRO | ||
| 949 |
_a636.2 G3 _bBC _cLIBRO _d33724000096012 _eLIBRO _fc.3 _gI.c/e _h69562 _i84758 _si |
||
| 949 |
_a636.2 G3 _bBC _cLIBRO _d33724000789640 _eLIBRO _fc.4 _gI.c/e _h69563 _i84758 _si |
||
| 949 |
_a636.2 G3 _bBC _cLIBRO _d33724000940581 _eLIBRO _fc.5 _gI.c/e _h69564 _i84758 _si |
||
| 949 |
_a636.2 G3 _bBC _cLIBRO _d33724000940649 _eLIBRO _fc.2 _gI.c/e _h69561 _i84758 _si |
||
| 949 |
_a636.2 G3 _bBC _cLIBRO _d33724000940706 _eLIBRO _gI.c/e _h69560 _i84758 _si |
||
| 999 |
_c74226 _d74226 |
||